000 00334nam a2200133Ia 4500
008 230525s9999 xx 000 0 und d
082 _a915.487
_bKARE
100 _aKARTANAKA,Government
245 0 _aExploring Karnataka
260 _aBenglore
_bGovt. Of Karnataka
_c1988
300 _a184
650 _aGeography/Travel
942 _cBK
999 _c3103
_d3103